Quizzes
Events
Quiz Creation
Community
Videos
Private Events
Remove Ads
Sign In
Join for FREE
Feedback
Dark Mode
Quiz Categories
Sports
Geography
Music
Movies
Television
Just For Fun
Miscellaneous
History
Literature
Language
Science
Gaming
Entertainment
Religion
Holiday
For Kids
Quiz Lab
Recent
Popular Today
Quiz Kudos Today
Editor Picks
Curator Picks
Quizzes by...
Day
Popularity
Type
Ratings
Length
Year
Community
Subscriptions
Recent Discussions
Orange Saloon
Badges
Playlists
Quests
Create
Leaderboards
Showdown
Live 5
Trivia Bingo
Activity
Puzzle Library
Sporcle Events
Private Events
Virtual Trivia
Globe League
Become a Host
Pub Owners
SporcleCon
Opinionation
Our Games
Videos
Blog
Mobile Apps
Partnerships
Remove Ads and Go Orange
Feedback
Sports
Athletes
MLB
NBA
NHL
NFL
Soccer
Sports Teams
WWE
NCAA
Football
Premier League
Basketball
Baseball
Hockey
Golf
Tennis
Cricket
Rugby
Auto Racing
Olympics
World Cup
Sports
Athletes
MLB
NBA
NHL
NFL
Soccer
Sports Teams
WWE
NCAA
Football
Premier League
Basketball
Baseball
Hockey
Golf
Tennis
Cricket
Rugby
Auto Racing
Olympics
World Cup
Random Quiz
Search Sporcle
×
Quiz Lab
Quiz Lab
Sports
Cricket
Type in answers that appear in a list
Type in answers that appear in a list
Classic
Best Score? Go Orange.
Most ODI wickets by a New Zealand cricketer Stats
Can you name the New Zealand cricketers who have taken the most ODI wickets?
By
BrutusNZ
6m
42 Questions
306 Plays
306 Plays
306 Plays
Comments
Comments
Give Quiz Kudos
Give Quiz Kudos
-
- Ratings
hide this ad
More Info
Replay
Link that replays current quiz
Next Quiz
Link to next quiz in quiz playlist
You Got
0%
They Got
Avg Score
55%
Avg Friend Score
Upgrade to see
Score Distribution
Jump to the score distribution portion of the page
Score
0/42
Timer
06:00
0
Plays Today
Number of ODI wickets
Player name
% Correct
297
DL Vettori
99%
187
TA Boult
97.5%
210
TG Southee
94.4%
158
RJ Hadlee
94.1%
200
CL Cairns
91.5%
89
BL Cairns
91.5%
147
SE Bond
88.2%
42
JS Patel
83%
45
DN Patel
82.7%
203
CZ Harris
80.7%
173
JDP Oram
80.1%
137
SB Styris
78.4%
99
NJ Astle
76.1%
240
KD Mills
73.5%
126
DK Morrison
71.6%
53
IS Sodhi
71.4%
90
MJ Santner
70.4%
123
MJ Henry
67.4%
85
LH Ferguson
64%
64
DJ Nash
61.4%
69
JDS Neesham
61.2%
Number of ODI wickets
Player name
% Correct
110
DR Tuffey
61.1%
49
CD McMillan
58.8%
81
JEC Franklin
58.5%
60
CJ Anderson
57%
140
EJ Chatfield
56.5%
36
SB Doull
56.1%
63
NL McCullum
53.6%
113
GR Larsen
51.6%
49
AF Milne
45.9%
52
GI Allott
43.1%
53
AR Adams
38.6%
39
GD Elliott
35.3%
37
MR Gillespie
34.4%
46
SB O'Connor
34%
54
JV Coney
33.3%
74
W Watson
31.4%
103
C Pringle
31%
114
MC Snedden
30.1%
82
MJ McClenaghan
29.7%
42
SA Thomson
18.3%
37
KS Willliamson
0%
Quiz Playlist
Details
Report
Send in Message
Add To Playlist
More Info:
Can you name the NZ cricketers with the most ODI wickets? NB. as at 5 May 2023
Classic:
Type in answers that appear in a list
Last Updated: May 4, 2023
Quiz Scoreboard
CHALLENGE
Sign Up to Join the Scoreboard
Show All
Scores
Hide
Comments
May contain spoilers
Recently Published
Popular People in 1961
by mucciniale
History
6m
1-10 Letter E Words III
by El_Dandy
Language
2m
One Thing in Common: World Cities II
by knightlancer
Geography
7m
More to Explore
Quiz From the Vault
Featured Blog Post
Where Did the Easter Bunny Come From?
hide this ad
You Might Also Like...
Tags
Cricket Quiz
New Zealand
New Zealanders
Today's Top Quizzes in Sports
Browse Sports
hide this ad
Today's Top Quizzes in Cricket
Browse Cricket
Top Contributed Quizzes in Sports
1
2022 World Cup Stars
2
Les entraîneurs de l'OM et du PSG au 21e siècle
3
FIFA Club World Cup Champions
4
Criteria MLB: Left Handed Sluggers
5
Les meilleurs buteurs des matchs entre le PSG et l’OM
6
Name the Premier League winners with different clubs
7
Players with Multiple 50 Home Run Seasons
8
MLB Players with Two .350 Batting Average Seasons
9
La finale Lions - Afrique du Sud 2021
10
MLB Hall of Famer by Rings
Explore More
Trending Topics
Anime
Kpop
Harry Potter
NBA
Disney
Marvel
Crossword
Country
The Office
Puzzle
NFL
Pokémon
Soccer
Song
WWE
hide this ad
More By:
BrutusNZ
Quiz
Plays
Rating
Category
Featured
Created
New Zealand cricketers with most test centuries
866
5.00
Sports
Sep 21, 2013
New Zealand cricketers with most ODI centuries
671
4.75
Sports
Sep 21, 2013
The Smiths opening lyrics
658
4.67
Music
Apr 20, 2014
Lyrics to 'Weather With You' by Crowded House
557
4.67
Music
Sep 29, 2013
Most test wickets by a New Zealand cricketer
519
5.00
Sports
Sep 21, 2013
Go to Creator's Profile
Score Distribution
Quiz Creator Spotlight
BrutusNZ
Follow
Send a Message
Quizzes Created
-
Created Quiz Play Count
-
More By This Creator
Popular Quizzes Today
1
Find the US States - No Outlines Minefield
2
The Countries of the World
3
Popular People in 1961
4
Find the Countries of Europe - No Outlines Minefield
5
1-10 Letter E Words III
6
Find the US States
7
One Thing in Common: World Cities II
8
US States
More Sports Quizzes
MotoGP podiums
Quiz Lab
Trending Quizzes
Country Music Stars Doing Things
Get the Picture: Carrie or Dolly
1-10 Letter F Words
1-10 Letter G Words
Risky Map Clicking: Next State Alphabetically
Recently Updated
Leaping Animals
pecheneg
Reality TV Shows (A-Z)
bhenderson79
Rickey Henderson's Hall of Fame Teammates
pecheneg
Champions League XIs: Arsenal
pecheneg
Quick Pick: Celebrities in WWE's Hall of Fame
aduchscher
A-Z Keypad Blitz II
pecheneg
Multiple Oscar Actors
pecheneg
Mystery Phrase Blitz: Oscar 'Best Actors'
pecheneg
F. Scott Fitzgerald Novels
LTH
Pick 3 Villains
ddd62291
Trending Topics
Harry Potter
Kpop
Crossword
NBA
Marvel
Anime
Disney
Country
NFL
Puzzle
WWE
Soccer
Song
Pokémon
The Office
Your Account Isn't Verified!
In order to create a playlist on Sporcle, you need to verify the email address you used during registration. Go to your
Sporcle Settings
to finish the process.
Report this User
Report this user for behavior that violates our
Community Guidelines
.
Details:
Send Report
Go to the Sporcle.com Mobile Site →
Comments